000 00524nam a2200205Ia 4500
003 LK-CoDNM
005 20240828104729.0
008 010623t1936 xxu||||| |||| 00| 1 eng d
040 _aLK-CoDNM
_dLK-CoDNM
_eLK-CoDNM
041 _aeng
080 _a22
_bR18
100 _aSaletore,Bhasker Anand
245 _aAncient Karnaataka
260 _bOriental Book Agency
_aPoona
_c1936
300 _bVII, 659P. : 3ill, 1Map ; 18 cm
650 _aAppendix
650 _aCountries
650 _aHistory of Tuluva
942 _cBK
999 _c98000
_d98000